| 000 | 00694nam a2200241 a 4500 | ||
|---|---|---|---|
| 999 |
_c7699 _d7699 |
||
| 001 | 3608 | ||
| 003 | BD-DhUAP | ||
| 005 | 20210128153932.0 | ||
| 008 | 191105s2007 ii a 001 0 eng | ||
| 040 |
_aDLC _cDLC _dDLC _dBD-DhUAP |
||
| 082 |
_223 _a543.5 SHA |
||
| 100 | _aSharma, B. K. | ||
| 245 | 0 | 0 |
_aSpectroscopy / _cB. K. Sharma. |
| 250 | _a14th ed. | ||
| 260 |
_aMeerut : _bKrishna prakashan media, _cc2000. |
||
| 300 |
_a600 pages : _billustrations ; _c26 cm. |
||
| 500 | _aIncludes Index. | ||
| 526 | _aPHR | ||
| 650 | 0 |
_aSpectrum analysis _vTextbooks. _921832 |
|
| 650 | 0 |
_aOrganic compounds _xAnalysis _vTextbooks. _921833 |
|
| 942 |
_2ddc _cBK |
||